00277nam a2200109Ia 4500100002200000654002800022245005800050260001800108082002100126300000800147546001200155 aDukkipali/ Rao/V  acomputer aided analysis aComputer aided analysis & Design of Machine Elements bNew agec2000 a620.0042bDUK/RA a467 aENGLISH